[Event "Eschborn op 10th"]
[Site "Eschborn"]
[Date "2013.08.30"]
[Round "1"]
[White "Lobzhanidze, Davit"]
[Black "Kiani Anaraki, Reza"]
[Result "1-0"]
[WhiteElo "2447"]
[BlackElo "1842"]
[PlyCount "63"]
[EventDate "2013.08.30"]
[EventType "swiss"]
[EventRounds "5"]
[EventCountry "GER"]
[SourceTitle "EXT 2014"]
[Source "ChessBase"]
[SourceDate "2013.11.20"]
[SourceVersion "1"]
[SourceVersionDate "2013.11.20"]
[SourceQuality "1"]

1. e4 c5 2. Nf3 e6 3. d3 d5 4. Qe2 Nf6 5. g3 Be7 6. Bg2 0-0 7. 0-0 Nc6 8. e5 Nd7 9. c4 Qc7 10. Bf4 d4 11. h4 Rb8 12. Nbd2 b5 13. cxb5 Rxb5 14. Nc4 Nb4 15. Ng5 Bb7 16. Ne4 Nd5 17. Ned6 Nxf4 18. gxf4 Bxg2 19. Kxg2 Rb4 20. h5 Bxd6 21. Nxd6 Qc6+ 22. Kh2 f6 23. Rg1 Nb6 24. Rg3 Nd5 25. Rag1 Rb7 26. Nxb7 Qxb7 27. Rxg7+ Qxg7 28. Rxg7+ Kxg7 29. Qg4+ Kf7 30. f5 exf5 31. Qxf5 Rg8 32. e6+ 1-0

[Event "Schleswig Holstein-ch U18 MT"]
[Site "Neumuenster"]
[Date "2004.03.23"]
[Round "6"]
[White "Kiani Anaraki, Reza"]
[Black "Schmidt, Andreas1111"]
[Result "1/2-1/2"]
[WhiteElo "2059"]
[BlackElo "1741"]
[PlyCount "84"]
[EventDate "2004.03.20"]
[EventType "tourn"]
[EventRounds "9"]
[EventCountry "GER"]
[SourceTitle "EXT 2006"]
[Source "ChessBase"]
[SourceDate "2005.11.24"]
[SourceVersion "1"]
[SourceVersionDate "2005.11.24"]
[SourceQuality "1"]

1. e4 e5 2. Nf3 d6 3. Bc4 Be7 4. 0-0 Nf6 5. Re1 0-0 6. d3 c6 7. Bb3 Nbd7 8. c3 Qc7 9. d4 h6 10. Nbd2 Re8 11. Nf1 Nf8 12. Ng3 Ne6 13. Nf5 Bf8 14. Bc2 Kh7 15. Ne3 Nf4 16. Nc4 Ng6 17. dxe5 dxe5 18. Qe2 Be6 19. Be3 b5 20. Ncxe5 Nxe5 21. Nxe5 Qxe5 22. f4 Qh5 23. e5+ Kg8 24. exf6 Qxe2 25. Rxe2 gxf6 26. b3 Bd5 27. Rae1 Rxe3 28. Rxe3 Bc5 29. Kf1 Bxe3 30. Rxe3 Kf8 31. g3 Re8 32. Ke2 Rxe3+ 33. Kxe3 Ke7 34. Be4 Kd6 35. Bxd5 Kxd5 36. g4 f5 37. gxf5 f6 38. Kd3 c5 39. c4+ bxc4+ 40. bxc4+ Kc6 41. Ke4 Kd6 42. h3 Kc6 1/2-1/2